MARC

LEADER 00000ny a22000003n 4500
005 20110510151810.0
008 981012c19989999sz br p i0 0eng d
010 |a 99107168   |z sn 99031762 
022 |a 1020-7074 
035 |a 2715 
040 |a OCU-L  |c OCU-L  |d vLex 
050 0 0 |a K1401.A15  |b W57 
050 0 0 |a K1401.A15  |b W57 
090 |c 1600  |d 1600 
245 3 0 |a WIPO magazine  |h [Recurso electrn̤ico]  |c World Intellectual Property Organization 
246 3 |a World Intellectual Property Organization magazine 
256 |a Servicio en ln̕ea 
260 |a Geneva :  |b Office of Global Communications and Public Diplomacy, WIPO 
310 |a Bimestral,  |b 2003- 
321 |a Mensual,  |b 1998-2002 
506 1 |a Contenido solo disponible en los productos indicados  |d vLex Global  |d vLex Global (Academic Edition, excluding Law Schools)  |d vLex Global (U.S. Academic Edition, Law Schools)  |d vLex Global (U.S. Academic Edition, excluding Law Schools)  |d vLex Global (Academic Edition, Law Schools) 
580 |a Disponible tambiň en francš y espaǫl 
590 |a SERBIB/SERLOC merged record 
610 2 4 |a Organizacin̤ Mundial de la Propiedad Intelectual 
650 0 4 |a Propiedad intelectual (Derecho internacional)  |x Publicaciones perid̤icas 
740 0 |a vLex Revista (Servicios en ln̕ea) 
775 0 |t Magazine de l'OMPI 
775 0 |t Revista de la OMPI  |x 1020-7082 
775 0 |t Revue de l'OMPI  |x 1020-7058 
780 0 1 |t Industrial property and copyright  |x 1020-2196 
843 |a Electrn̤ica. Abierta 
853 |8 1  |i (year)  |j (month)  |k (day) 
856 4 0 |u http://vlex.com/source/2715  |z Acceso restringido 
942 |c REV 
999 0 |a Intellectual property (International law)  |v Periodicals. 
999 0 |a World Intellectual Property Organization  |v Periodicals.